| 000 | 01003cam a22002658a 4500 | ||
|---|---|---|---|
| 001 | 15891089 | ||
| 005 | 20160907153340.0 | ||
| 008 | 090902s2010 cau | 00| 0 eng u | ||
| 010 | _a 2009036577 | ||
| 020 | _a9780071621618 (alk. paper) | ||
| 040 |
_aDLC _cDLC |
||
| 050 | 0 | 0 |
_aQA76.758 _b.J645 2010 |
| 082 | 0 | 0 |
_222 _a005.1 _bJON |
| 100 | 1 |
_aJones, Capers. _911289 |
|
| 245 | 1 | 0 |
_aSoftware Engineering Best Practices : _bLessons From Successful Projects in the Top Companies / _cCapers Jones. |
| 260 |
_aNew York : _bMcGraw-Hill Companies, _cc2010. |
||
| 263 | _a1111 | ||
| 300 |
_axxvii, 660p.: _bill.; _c24cm. |
||
| 504 | _aIncludes bibliographical references and index. | ||
| 650 | 0 |
_aComputer software _xDevelopment _xManagement. _911291 |
|
| 650 | 0 |
_aComputer software industry. _911292 |
|
| 650 | 0 |
_911290 _aSoftware engineering _xManagement |
|
| 942 |
_2ddc _cBB |
||
| 999 |
_c13364 _d13364 |
||